000 00300nam a22001337a 4500
008 181217b xxu||||| |||| 00| 0 eng d
020 _a9780763852375
041 _aeng
080 _a615
100 _a5
101 _aFAR
245 _aPharmacy Labs For Technicians
_cJason.S
942 _2udc
_cBK
999 _c53287
_d53287